000 01353cam a2200325 a 4500
999 _c328459
_d328459
001 4470455
003 Nust
005 20170407121743.0
008 960411s1996 nyu 000 1 eng
010 _a 96017273
020 _a9780141029153
040 _aDLC
_cDLC
_dDLC
050 0 0 _aPR5774
_b.I8 1996c
082 0 0 _a823.912
_bWEL
100 1 _aWells, H. G.
_q(Herbert George),
_d1866-1946.
245 1 4 _aThe island of Dr. Moreau /
_cH.G. Wells ; foreword by Peter Stroub.
246 3 _aIsland of Doctor Moreau
260 _aNew York :
_bModern Library,
_c1996.
300 _a 131 p. ;
_c20 cm.
650 0 _aShipwreck survival
_vFiction.
650 0 _aAnimal experimentation
_vFiction.
650 0 _aIslands
_vFiction.
655 7 _aScience fiction.
_2gsafd
856 4 2 _3Contributor biographical information
_uhttp://www.loc.gov/catdir/bios/random057/96017273.html
856 4 1 _3Sample text
_uhttp://www.loc.gov/catdir/samples/random051/96017273.html
856 4 2 _3Publisher description
_uhttp://www.loc.gov/catdir/description/random0413/96017273.html
906 _a7
_bcbc
_corignew
_d1
_eocip
_f19
_gy-gencatlg
942 _2ddc
_cBK